000 00704nam a2200289Ia 4500
005 20260324125325.0
008 008 260324s9999 xx 000 0 eng d
020 _a9781315589954
037 _aEBOOK
040 _aCRL
040 _beng
040 _cCRL
041 _2eng
041 _aeng
084 _qCRL
100 _aKatrina Riddell
_91177549
245 0 _aIslam and the Securitisation of Population Policies
245 0 _bMuslim States and Sustainability
260 _bTaylor and Francis
260 _c2009
365 _a
365 _b230
856 _uhttp://www.taylorfrancis.com/books/9781315589954
942 _cEBOOK
999 _c1772688
_d1772688